| 000 | 00472aam a2200193 4500 | ||
|---|---|---|---|
| 005 | 20170224190825.0 | ||
| 008 | 150727b xxu||||| |||| 00| 0 spa d | ||
| 041 | _aInglés | ||
| 082 | _a428 L482L | ||
| 100 |
_aLee, W.R. _936023 |
||
| 245 | _aLanguaje Teaching : games and contests | ||
| 250 | _a2 edición | ||
| 260 |
_aInglaterra _bOxford _c1986 |
||
| 260 | _c2003 | ||
| 300 | _a208 páginas | ||
| 650 |
_aINGLES _92062 |
||
| 650 |
_aENSEÑANZA _9236 |
||
| 942 | _cBK | ||
| 999 |
_c8681 _d8681 |
||